000 00928nam0a2200313 4500
001 RU\NLR\bibl\86499
005 20250616110705.0
010 _a5-04-003725-2
_913000
021 _aRU
_b1999-52535
_92606
035 _a(NLR Aleph) 000084496
090 _a471787
_c471787
100 _a20000517d1999 |||y0rusy50 ca
101 1 _arus
_ceng
102 _aRU
105 _ay |||||||||
200 1 _aНезнакомка с соколом
_eРоман
_fДжанет Линфорд
_g[Пер. с англ. Б. Грибанова]
210 _aМ.
_cЭКСМО-Пресс
_d1999
215 _a429 с.
_d16
225 1 _aСоблазны
686 _aШ6(7США)67-440.4
700 1 _aЛинфорд
_bД.
_gДжанет
_4070
801 0 _aRU
_bNLR
_c20000517
_gPSBO
801 1 _aRU
_bNLR
_c20000517
852 _aNLR
_j2000-2/444
942 _cBOOK
980 _aNB